FHM's 100 Sexiest Women 2010 Quiz Stats

 Plays Quiz not verified by Sporcle

Challenge
Share
Tweet
Embed
Score 0/100 Timer 12:00
0 Plays Today
Description Person % Correct
US Actress, Hackers, Tomb RaiderAngelina Jolie
63.5%
British Singer and Talent JudgeCheryl Cole
62.7%
US Twilight ActressKristen Stewart
60.3%
US Singer, ToxicBritney Spears
58.7%
US Sin-City ActressJessica Alba
56.3%
US Actress and ModelMegan Fox
55.6%
US Actress, Family GuyMila Kunis
54.8%
US Actress, FriendsJennifer Aniston
54.8%
Singer from Barbados, UmbrellaRihanna
54%
US Actress and Singer, High School MusicalVanessa Hudgens
51.6%
British Actress, Harry PotterEmma Watson
50.8%
US Singer, Married to Jay-ZBeyonce
49.2%
US Actress, Black SwanNatalie Portman
46.8%
US Singer and Lead Singer of Pussycat DollsNicole Scherzinger
46.8%
US Singer, Married to a Brit 'Funny Man'Katy Perry
46%
US Actress and Model from HitchEva Mendes
42.9%
Colombian Singer-SongwriterShakira
41.3%
Canadian Actress, Wedding Crashers, Mean GirlsRachel McAdams
40.5%
US Actress and Model, The Town, AcceptedBlake Lively
40.5%
US Actress and Desperate HousewifeEva Longoria
40.5%
Brazilian ModelAdriana Lima
39.7%
US Actress, Often in RehabLindsay Lohan
39.7%
US Actress, Mad MenChristina Hendricks
38.9%
British Singer, SmileLily Allen
38.1%
US Actress, Star Trek, AvatarZoe Saldana
37.3%
US Actress, The OC, JumperRachel Bilson
37.3%
British Actress, Love Actually, AtonementKeira Knightley
37.3%
US Singer, Wears MeatLady Gaga
37.3%
British Actress, Pearl Harbor, The AviatorKate Beckinsale
36.5%
Canadian Actress, Kate Austen in LostEvangeline Lilly
36.5%
British Singer - Member of N-DubzTulisa
34.9%
Brazilian Model, Occasional Film Actress and Goodwill Ambassador for the United Nations Environment ProgrammeGisele Bundchen
34.1%
US Actress and Model. The A-Team, The IllusionistJessica Biel
33.3%
US Actress, North, Iron Man 2Scarlett Johansson
32.5%
Description Person % Correct
British Singer, Girls AloudSarah Harding
32.5%
South African Actress, Hancock, SleepwalkingCharlize Theron
32.5%
British Singer - Member of UK Group, The SaturdaysFrankie Sandford
31.7%
US Twilight ActressAshley Greene
31%
British Singer, Mama Do, Boys and GirlsPixie Lott
30.2%
US Actress, Veronica Mars, HeroesKristen Bell
30.2%
US Country SingerTaylor Swift
30.2%
US Actress, CheerleaderHayden Panettiere
29.4%
British Singer - Member of UK Group, The SaturdaysUna Healy
29.4%
British Singer, S Club 7Rachel Stevens
29.4%
Australian Model. One of the Victoria's Secret AngelsMiranda Kerr
29.4%
Israeli Model and Occasional ActressBar Refaeli
29.4%
Australian 'Singer' and Talent Judge Dannii Minogue
27.8%
British TV Presenter, Dancing on IceHolly Willoughby
27.8%
US Actress, Mad Men, American WeddingJanuary Jones
27.8%
British Singer, Girls AloudNadine Coyle
27.8%
British Model, TV Presenter and 'Actress'Kelly Brook
27%
US TV Personality and Actress from The HillsAudrina Patridge
26.2%
Brazilian ModelAlessandra Ambrosio
25.4%
British Actress, AlfieSienna Miller
25.4%
British Actress, Bond GirlGemma Arterton
24.6%
Model, Former Page 3 GirlKeeley Hazell
23.8%
Model and WAGAbbey Clancy
23.8%
Canadian Actress, 24Elisha Cuthbert
23.8%
US Actress and Model, from The OCOlivia Wilde
23%
Serbian Tennis PlayerAna Ivanovic
23%
Welsh SingerCharlotte Church
23%
British Model and Actress, TransformersRosie Huntington-Whiteley
22.2%
US Actress, HeroesAli Larter
22.2%
Indian Actress, Slumdog MillionaireFreida Pinto
22.2%
British Singer, X-Factor WinnerAlexandra Burke
21.4%
US Actress from Buffy and AngelEliza Dushku
20.6%
US Actress, Pineapple Express, Drive AngryAmber Heard
20.6%
British Actress, Coronation StreetMichelle Keegan
20.6%
Description Person % Correct
Ukrainian Actress and Model, Bond GirlOlga Kurylenko
20.6%
Dutch Victoria's Secret ModelDoutzen Kroes
19.8%
Former Swedish Model - Not a Golf Fan Any MoreElin Nordegren
19.8%
British Girl Pop Group, Too Lost In YouSugababes
19.8%
US Sports Illustrated ModelMarissa Miller
19%
US Actress and Model. Iron Man 2, Date NightOlivia Munn
19%
US Actress, Role Models, ScrubsElizabeth Banks
17.5%
Irish TV Presenter, Daybreak, The One ShowChristine Bleakley
17.5%
South African Model, Victoria's Secret.Candice Swanepoel
16.7%
British Skins ActressKaya Scodelario
15.9%
US Actress, Terminator: The Sarah Connor ChroniclesSummer Glau
15.9%
British Hollyoaks ActressJennifer Metcalfe
15.1%
Australian Singer-Songwriter, 'Sweet About Me'Gabriella Cilmi
15.1%
British TV Presenter, Blue PeterZoe Salmon
15.1%
American Professional GolferRosie Jones
13.5%
British Actress, The InbetweenersEmily Atack
12.7%
Welsh Model, Married to Ex England FootballerDanielle Lineker
12.7%
US Actress and Model, in Wedding Crashers and Texas Chainsaw Massacre The BeginningDiora Baird
11.9%
British Singer - Member of UK Group, The SaturdaysRochelle Wiseman
11.9%
US Former Pornographic ActressSasha Grey
11.1%
British Actress - Eastenders, TeachersKara Tointon
10.3%
British Singer and Actress. Honey to the BBillie Piper
10.3%
Japanese Fashion ModelJessica Michibata
9.5%
British Actress, Coronation StreetHelen Flanagan
9.5%
British Sports TV PresenterGeorgie Thompson
9.5%
British Actress, Ex-EastendersMichelle Ryan
8.7%
Canadian Actress, Smallville, EurotripKristen Kreuk
7.9%
US Actress, Supernatural, Gossip GirlKatie Cassidy
7.1%
British Actress, EastendersLacey Turner
7.1%
British ModelElle Liberachi
5.6%
British Model, Often in Magazine Nuts and ZooVikki Blows
4.8%
British Actress, EmmerdaleAlice Coulthard
4%

You're not logged in!

Compare scores with friends on all Sporcle quizzes.
OR
Log In

You Might Also Like...

Show Comments

Extras

Top Quizzes Today


Score Distribution

Your Account Isn't Verified!

In order to create a playlist on Sporcle, you need to verify the email address you used during registration. Go to your Sporcle Settings to finish the process.

Report this User

Report this user for behavior that violates our Community Guidelines.

Details: